Lo que no puede durar en el partido /

Salvato in:
Dettagli Bibliografici
Autore principale: Althusser, Louis (autor)
Natura: Libro
Lingua:spagnolo
Pubblicazione: Madrid, España : Siglo XXI, 1980
Edizione:2a edición
Soggetti:
Tags: Aggiungi Tag
Nessun Tag, puoi essere il primo ad aggiungerne!!

MARC

LEADER 00000nam^a2200000^a^4500
001 000023161
005 20250521000000.0
009 20260310084524.971
020 |a 84-323-0316-X 
037 |a Acervo ITESO - Biblioteca 
041 |a ESP 
082 |a 324. 244075  |b ALT 
100 |a Althusser, Louis  |e (autor) 
245 1 0 |a Lo que no puede durar en el partido /  |c L. Althusser; tr. por: Pedro Vilanova. 
250 |a 2a edición 
264 1 |a Madrid, España :  |b Siglo XXI,  |c 1980 
300 |a 114 p. 
336 |a texto  |b txt  |2 rdacontenido 
337 |a sin mediación  |b n  |2 rdamedio 
338 |a volumen  |b nc  |2 rdasoporte 
649 |a XX 
650 |a Política -  |z Francia 
650 |a Partidos de Izquierda -  |z Francia 
650 |a Francia -  |x Condiciones Políticas 
650 |a Comunismo -  |z Francia 
650 |a Marxismo 
910 |a Fondo General 
920 |a Impresos - Libros 
930 |a Colección General 
905 |a 101 
901 |a 0231610100  |b IT1  |c ACC  |i 023161  |u 20250521 
902 |a https://opac.biblio.iteso.mx/vufind/Record/000023161